Statistics for Countries Containing "V" In Their Name

Click here to take the quiz!

General Stats

  • This quiz has been taken 62 times
    (36 since last reset)
  • The average score is 12 of 14

Answer Stats

Country% Correct
Slovakia
93%
Slovenia
93%
Tuvalu
93%
Ivory Coast
89%
Bolivia
86%
Bosnia and Herzegovina
86%
Cape Verde
86%
Saint Vincent and the Grenadines
86%
Latvia
82%
Saint Kitts and Nevis
82%
Maldives
75%
Moldova
71%
El Salvador
68%
Kosovo
68%

Score Distribution

Percentile by Number Answered

Percent of People with Each Score

Your Score History

You have not taken this quiz since the last reset